000 00277nam a22001217a 4500
020 _a0-7214-1994-1
082 _a823
_bEUS/H
100 _aEUSTACE, MARGARET
245 _aHELPFUL LITTLE MECHANIC
260 _aENGLAND
_bLADYBIRD
650 _aENGLISH SHORT STORY
_zUK
942 _cBK
999 _c4250
_d4250